| 000 | 00000cam 2200000zi 4500 |
| 001 | 9.927231 |
| 003 | CaOODSP |
| 005 | 20251212145328 |
| 006 | m o d f |
| 007 | cr mn||||||||| |
| 008 | 230213e19900507quca ob f000 0 fre d |
| 040 | |aCaOODSP|bfre|erda|cCaOODSP |
| 041 | 0 |afre|aeng |
| 043 | |an-cn-qu |
| 045 | |ax9x9 |
| 086 | 1 |aEn154-257/1990F-PDF |
| 245 | 10|aDétermination des teneurs en HAP dans l'air ambiant : |bcampagne d'échantillonnage hiver, 1990. |
| 264 | 1|aLachine, Qué. : |bNovalab ltée = Novalab Ltd., |c7 mai 1990. |
| 300 | |a1 ressource en ligne (1 volume (pagination multiple)) : |billustrations |
| 336 | |atexte|btxt|2rdacontent/fre |
| 337 | |ainformatique|bc|2rdamedia/fre |
| 338 | |aressource en ligne|bcr|2rdacarrier/fre |
| 500 | |a« Rapport soumis à Environnement Canada, Conservation et protection, no. de marché 9-3360, par J.D. Fenwick, Ph.D., Chim.P., Novalab limitée ... » |
| 500 | |aÉdition numérisée de l'imprimé [par Environnement et changement climatique Canada]. |
| 504 | |aComprend des références bibliographiques. |
| 546 | |aTexte principalement en français; comprend du texte en anglais. |
| 650 | 6|aHydrocarbures aromatiques polycycliques|zQuébec (Province)|xAnalyse. |
| 650 | 6|aAir|zQuébec (Province)|xAnalyse. |
| 650 | 6|aAir|xPollution|zQuébec (Province)|xMesure. |
| 650 | 0|aPolycyclic aromatic hydrocarbons|zQuébec (Province)|xAnalysis. |
| 650 | 0|aAir|zQuébec (Province)|xAnalysis. |
| 650 | 0|aAir|xPollution|zQuébec (Province)|xMeasurement. |
| 710 | 1 |aCanada. |bConservation et protection. |bRégion du Québec, |eorganisme de publication. |
| 856 | 40|qPDF|s2.15 Mo|uhttps://publications.gc.ca/collections/collection_2025/eccc/en154/En154-257-1990-fra.pdf |